| 000 | 00427nam a2200169 a 4500 | ||
|---|---|---|---|
| 005 | 20140310183148.0 | ||
| 008 | 020826s19uu xx 00 eng d | ||
| 020 | _a71831006998 | ||
| 050 |
_aPS 3569 _b.Sa194 1992 |
||
| 100 | _aSandford, John | ||
| 245 |
_aThe empress file / _cJohn Sandford. |
||
| 260 |
_aUSA : _bBerkley, _c1992. |
||
| 300 |
_a356 p. : _c18 cm. |
||
| 650 | _aFiction | ||
| 942 |
_cBK _2lcc |
||
| 999 |
_c19604 _d19604 |
||